000 00371 a2200169 4500
001 74311
020 _a9788580101002
040 _cAnchieta - Colégio São Paulo
100 _aRolkouski, Emerson
240 1 0 _aMatemática 3
_lpor
245 1 0 _aMatemática 3
300 _a84
362 0 _a2011
440 1 _aEditora do Brasil
650 4 _aMatemática
942 _cBK
999 _c74311
_d74311